| 000 | 00822nam a2200205 i 4500 | ||
|---|---|---|---|
| 001 | 97860 | ||
| 003 | ES-MaACL | ||
| 005 | 20250829062531.0 | ||
| 007 | t| | ||
| 008 | 050719m19771978sp ||||1| spa d | ||
| 100 | 1 |
_aMariner Bigorra, Sebastián. _976844 |
|
| 245 | 1 | 0 |
_aLengua y Literatura latinas / _cbajo la dirección del Dr. Sebastián Mariner Bigorra; preparada por Pilar Usabel Hernández, [et al.]. |
| 260 |
_aMóstoles (Madrid) : _bGrefol, _c1977-1978. |
||
| 300 |
_a12 t. en 2 v. ; _c30 cm. |
||
| 500 | _aPrecede al tít.: Universidad Nacional de Educación a Distancia. Ministerio de Educación y Ciencia. | ||
| 700 | 1 |
_aUsábel Hernández, Pilar. _9112289 |
|
| 710 | 2 |
_aUniversidad Nacional de Educación a Distancia (España) _97405 |
|
| 852 |
_aES-MaACL _jL-2647-48 _bR.103635 |
||
| 999 |
_c97860 _d97860 |
||